MARC details
| 000 -LEADER |
| fixed length control field |
00949nam a2200241Ia 4500 |
| 003 - CONTROL NUMBER IDENTIFIER |
| control field |
IN-BaIIA |
| 008 - FIXED-LENGTH DATA ELEMENTS--GENERAL INFORMATION |
| fixed length control field |
211028s9999 xx 000 0 eng d |
| 040 ## - CATALOGING SOURCE |
| Transcribing agency |
IIA Library |
| 080 ## - UNIVERSAL DECIMAL CLASSIFICATION NUMBER |
| Universal Decimal Classification number |
520.8(063) |
| Item number |
ESO |
| 111 ## - MAIN ENTRY--MEETING NAME |
| Meeting name or jurisdiction name as entry element |
ESO/CERN Conference on Auxiliary Instrumentation for Large Telescopes |
| Location of meeting |
Switzerland |
| Date of meeting or treaty signing |
1972 May 2-5 |
| 9 (RLIN) |
12667 |
| 245 #0 - TITLE STATEMENT |
| Title |
Auxiliary instrumentation for large telescopes |
| Remainder of title |
proceedings of the ESO/CERN Conference held in Geneva, Switzerland, May 2-5 1972 |
| Statement of responsibility, etc. |
edited by Laustsen S. and Reiz A. |
| 260 ## - PUBLICATION, DISTRIBUTION, ETC. |
| Place of publication, distribution, etc. |
Geneva |
| Name of publisher, distributor, etc. |
European Southern Observatory |
| Date of publication, distribution, etc. |
1972 |
| 300 ## - PHYSICAL DESCRIPTION |
| Extent |
xiv, 525p. |
| 490 ## - SERIES STATEMENT |
| Series statement |
ESO coference proceedings |
| 500 ## - GENERAL NOTE |
| General note |
Donated by Mrs. Bappu |
| 650 ## - SUBJECT ADDED ENTRY--TOPICAL TERM |
| Topical term or geographic name entry element |
Astronomical instrumentation |
| 9 (RLIN) |
3629 |
| 650 ## - SUBJECT ADDED ENTRY--TOPICAL TERM |
| Topical term or geographic name entry element |
Astronomy and Astrophysics Thesaurus |
| 650 ## - SUBJECT ADDED ENTRY--TOPICAL TERM |
| Topical term or geographic name entry element |
Large telescopes |
| 9 (RLIN) |
8033 |
| 700 ## - ADDED ENTRY--PERSONAL NAME |
| Personal name |
Laustsen, S., ed. |
| 9 (RLIN) |
12668 |
| 700 ## - ADDED ENTRY--PERSONAL NAME |
| Personal name |
Reiz, A., ed. |
| 9 (RLIN) |
11234 |
| 710 ## - ADDED ENTRY--CORPORATE NAME |
| Corporate name or jurisdiction name as entry element |
European Southern Observatory |
| 9 (RLIN) |
10914 |
| 942 ## - ADDED ENTRY ELEMENTS (KOHA) |
| Koha item type |
Books |